[Event "NOR-chB"]
[Site "Oslo"]
[Date "2023.07.04"]
[Round "5"]
[White "Kyrkjebo, Eirik"]
[Black "Hole, Vegard"]
[Result "0-1"]
[WhiteElo "1585"]
[BlackElo "1526"]
[PlyCount "46"]
[EventDate "2023.06.30"]
[EventType "swiss"]
[EventRounds "9"]
[EventCountry "NOR"]
[SourceTitle "EXT 2024"]
[Source "ChessBase"]
[SourceDate "2023.10.10"]
[SourceVersion "1"]
[SourceVersionDate "2023.10.10"]
[SourceQuality "1"]

1. e4 e5 2. Nf3 Nc6 3. Nc3 Bc5 4. Nxe5 d6 5. Nxc6 bxc6 6. d4 Bb6 7. Be3 Qe7 8. Qf3 Bd7 9. Qg3 f5 10. Bg5 Nf6 11. e5 Bxd4 12. f4 dxe5 13. 0-0-0 Bxc3 14. Qxc3 e4 15. Bc4 Be6 16. Bb3 Bd7 17. Rd4 h6 18. Bh4 c5 19. Rd5 Nxd5 20. Bxd5 Qxh4 21. Qxg7 Qxf4+ 22. Kb1 0-0-0 23. Qf6 Qd6 0-1

[Event "NOR-ch Seniors B"]
[Site "Larvik"]
[Date "2019.07.11"]
[Round "7"]
[White "Kyrkjebo, Eirik"]
[Black "Wessel Berg, Dag"]
[Result "1-0"]
[WhiteElo "1598"]
[BlackElo "1486"]
[PlyCount "65"]
[EventDate "2019.07.05"]
[EventType "swiss"]
[EventRounds "9"]
[EventCountry "NOR"]
[SourceTitle "EXT 2024"]
[Source "ChessBase"]
[SourceDate "2023.10.10"]
[SourceVersion "1"]
[SourceVersionDate "2023.10.10"]
[SourceQuality "1"]

1. e4 c5 2. Nf3 Nc6 3. Bb5 g6 4. d3 Bg7 5. 0-0 a6 6. Bxc6 bxc6 7. Nc3 d5 8. e5 Nh6 9. b3 Ng4 10. Re1 Qc7 11. Bf4 Qa5 12. Na4 c4 13. Bd2 Qc7 14. Bf4 Qa5 15. dxc4 dxc4 16. Qd4 Be6 17. Rad1 0-0 18. Bd2 Qc7 19. Nc5 Nh6 20. Nxe6 fxe6 21. Qxc4 Qc8 22. Ng5 Rf5 23. Nxe6 Nf7 24. Bc3 Kh8 25. Nxg7 Kxg7 26. e6+ Kf8 27. exf7 Rxf7 28. Qd4 Rf6 29. Rxe7 Rf7 30. Rxf7+ Kxf7 31. Qg7+ Ke8 32. Re1+ Kd8 33. Qe7# 1-0

[Event "NOR-ch Seniors B"]
[Site "Larvik"]
[Date "2019.07.10"]
[Round "6"]
[White "Kristiansen, Oddvar"]
[Black "Kyrkjebo, Eirik"]
[Result "0-1"]
[WhiteElo "1479"]
[BlackElo "1598"]
[PlyCount "46"]
[EventDate "2019.07.05"]
[EventType "swiss"]
[EventRounds "9"]
[EventCountry "NOR"]
[SourceTitle "EXT 2024"]
[Source "ChessBase"]
[SourceDate "2023.10.10"]
[SourceVersion "1"]
[SourceVersionDate "2023.10.10"]
[SourceQuality "1"]

1. e4 e5 2. Nf3 Nc6 3. d4 exd4 4. Nxd4 Qh4 5. Nxc6 Qxe4+ 6. Qe2 Qxe2+ 7. Bxe2 dxc6 8. 0-0 Bf5 9. Re1 0-0-0 10. Be3 Bxc2 11. Nc3 a6 12. Rac1 Bg6 13. a3 Nf6 14. Bf3 Bd6 15. Red1 Rhe8 16. Rd4 Be5 17. Rxd8+ Rxd8 18. h3 Nd5 19. Nxd5 cxd5 20. Rc5 c6 21. b4 f6 22. Be2 d4 23. Bd2 d3 0-1

[Event "Barcelona Sant Marti op-B 19th"]
[Site "Barcelona"]
[Date "2017.07.20"]
[Round "8"]
[White "Torres Julian, Marc"]
[Black "Kyrkjebo, Eirik"]
[Result "0-1"]
[WhiteElo "1723"]
[BlackElo "1611"]
[PlyCount "62"]
[EventDate "2017.07.13"]
[EventType "swiss"]
[EventRounds "9"]
[EventCountry "ESP"]
[SourceTitle "EXT 2018"]
[Source "ChessBase"]
[SourceDate "2017.10.13"]
[SourceVersion "1"]
[SourceVersionDate "2017.10.13"]
[SourceQuality "1"]

1. e4 e5 2. Nf3 Nc6 3. Bb5 a6 4. Ba4 Nf6 5. 0-0 b5 6. Bb3 Bc5 7. Nxe5 Nxe5 8. d4 Bxd4 9. Qxd4 d6 10. Bg5 c5 11. Bxf6 gxf6 12. Qc3 c4 13. f4 Qb6+ 14. Kh1 Ng4 15. Qf3 cxb3 16. axb3 Rg8 17. h3 Ne3 18. Rf2 Kf8 19. Re2 Ng4 20. hxg4 Bxg4 21. Qd3 Bxe2 22. Qxe2 Rg6 23. g4 Rh6+ 24. Kg2 Re8 25. Nc3 b4 26. Nd5 Qd4 27. Re1 Rg6 28. Kf3 Rh6 29. Kg2 f5 30. gxf5 Qg7+ 31. Kf3 Rh3+ 0-1

[Event "NOR-ch Class3"]
[Site "Stavanger"]
[Date "2017.07.02"]
[Round "2"]
[White "Paulsen, Stig Atle"]
[Black "Kyrkjebo, Eirik"]
[Result "1-0"]
[WhiteElo "1406"]
[BlackElo "1474"]
[PlyCount "58"]
[EventDate "2017.07.01"]
[EventType "swiss"]
[EventRounds "9"]
[EventCountry "NOR"]
[SourceTitle "EXT 2024"]
[Source "ChessBase"]
[SourceDate "2023.10.10"]
[SourceVersion "1"]
[SourceVersionDate "2023.10.10"]
[SourceQuality "1"]

1. e4 b6 2. d4 Bb7 3. Nc3 e6 4. a3 Nf6 5. Bd3 c5 6. dxc5 Bxc5 7. Nf3 h6 8. b4 Be7 9. 0-0 0-0 10. Re1 d5 11. e5 Nfd7 12. Bf4 Nc6 13. Nb5 Rb8 14. Nbd4 Nxd4 15. Nxd4 a6 16. c3 Rc8 17. Rc1 b5 18. Bb1 Bg5 19. Qd3 Re8 20. Qh7+ Kf8 21. Qh8+ Ke7 22. Bxg5+ hxg5 23. Qxg7 Rg8 24. Qh6 Qc7 25. Bh7 Nxe5 26. Nxe6 fxe6 27. Bxg8 Rxg8 28. Qh7+ Kd6 29. Qxg8 Qc6 1-0

[Event "Helsingor Xtracon op"]
[Site "Helsingor"]
[Date "2016.07.29"]
[Round "8"]
[White "Holmstrom, Johan Ravnborg"]
[Black "Kyrkjebo, Eirik"]
[Result "0-1"]
[WhiteElo "1942"]
[BlackElo "1590"]
[PlyCount "54"]
[EventDate "2016.07.23"]
[EventType "swiss"]
[EventRounds "10"]
[EventCountry "DEN"]
[SourceTitle "CBM 173 Extra"]
[Source "ChessBase"]
[SourceDate "2016.08.29"]
[SourceVersion "1"]
[SourceVersionDate "2016.08.29"]
[SourceQuality "1"]

1. Nf3 d5 2. g3 Nf6 3. Bg2 c6 4. 0-0 Bf5 5. b3 Nbd7 6. Bb2 Qc7 7. d4 e6 8. Nbd2 Bd6 9. c4 h5 10. Nh4 g5 11. Nxf5 exf5 12. e3 h4 13. Qf3 hxg3 14. fxg3 g4 15. Qxf5 Rh5 16. Qd3 Bxg3 17. hxg3 Qxg3 18. Rf5 Ne4 19. Nxe4 Qh2+ 20. Kf1 Rxf5+ 21. Ke1 Ke7 22. Nf2 Rf6 23. Ne4 dxe4 24. Qxe4+ Re6 25. Qxg4 Qg1+ 26. Kd2 Qxe3+ 27. Kd1 Qd3+ 0-1

[Event "Crawley e2e4 Gatwick op U1650"]
[Site "Crawley"]
[Date "2016.05.30"]
[Round "7"]
[White "Johnson, Elizabeth"]
[Black "Kyrkjebo, Eirik"]
[Result "0-1"]
[WhiteElo "1293"]
[BlackElo "1571"]
[PlyCount "96"]
[EventDate "2016.05.27"]
[EventType "swiss"]
[EventRounds "7"]
[EventCountry "ENG"]
[SourceTitle "EXT 2019"]
[Source "ChessBase"]
[SourceDate "2018.10.10"]
[SourceVersion "1"]
[SourceVersionDate "2018.10.10"]
[SourceQuality "1"]

1. e4 e5 2. Nf3 Nc6 3. Bb5 a6 4. Bxc6 dxc6 5. 0-0 Bg4 6. h3 Bh5 7. d3 Bd6 8. Bg5 f6 9. Be3 Qd7 10. Nbd2 0-0-0 11. a3 Ne7 12. c4 c5 13. Rb1 f5 14. b4 cxb4 15. c5 f4 16. Bxf4 exf4 17. cxd6 Qxd6 18. Qb3 Nc6 19. axb4 Qxd3 20. Qe6+ Kb8 21. b5 axb5 22. Qf5 Bg6 23. Qxf4 Rhe8 24. Rfe1 b4 25. Rb3 Qc2 26. Rbb1 Re7 27. Rbc1 Qd3 28. Qh4 Rde8 29. Re3 Qb5 30. Rb3 Rd7 31. Qg4 Nd4 32. Rxb4 Qxb4 33. Qxd7 Ne2+ 34. Kh2 Nxc1 35. Qxg7 Nd3 36. Kg1 Qc5 37. Nd4 Qc1+ 38. Nf1 Qe1 39. Qf6 Qxe4 40. Nf3 Qf5 41. Qc3 Rg8 42. Kh2 Nxf2 43. Qb3 Bf7 44. Qe3 Nd3 45. Ng3 Qg6 46. Nh4 Qxg3+ 47. Qxg3 Rxg3 48. Kxg3 b5 0-1

[Event "Crawley e2e4 Gatwick op U1650"]
[Site "Crawley"]
[Date "2016.05.30"]
[Round "6"]
[White "Kyrkjebo, Eirik"]
[Black "Thatte, Nishchal"]
[Result "1-0"]
[WhiteElo "1571"]
[BlackElo "1355"]
[PlyCount "71"]
[EventDate "2016.05.27"]
[EventType "swiss"]
[EventRounds "7"]
[EventCountry "ENG"]
[SourceTitle "EXT 2019"]
[Source "ChessBase"]
[SourceDate "2018.10.10"]
[SourceVersion "1"]
[SourceVersionDate "2018.10.10"]
[SourceQuality "1"]

1. e4 e6 2. d3 d5 3. Qe2 Nf6 4. Bg5 Be7 5. Bxf6 Bxf6 6. e5 Be7 7. Nf3 c5 8. g3 0-0 9. Bg2 f6 10. 0-0 Nc6 11. c3 Qc7 12. Re1 fxe5 13. Nxe5 Nxe5 14. Qxe5 Qb6 15. Qe2 Bd7 16. b3 Rf7 17. Bh3 Raf8 18. Nd2 Rxf2 19. Qxf2 Rxf2 20. Kxf2 c4+ 21. d4 cxb3 22. axb3 Bg5 23. Nf3 Bh6 24. b4 a6 25. g4 g5 26. Bf1 Qc7 27. Ne5 Qxc3 28. Nxd7 Qd2+ 29. Kg1 Qxd4+ 30. Kh1 Qxb4 31. Rxe6 Qc3 32. Rae1 Qf3+ 33. Bg2 Qf2 34. Bxd5 Qd2 35. Rg6+ Kh8 36. Rg8# 1-0

[Event "Copenhagen Bronshoj op"]
[Site "Copenhagen"]
[Date "2015.02.09"]
[Round "7"]
[White "Kyrkjebo, Eirik"]
[Black "Kristensen, Lars Ostergaard"]
[Result "1-0"]
[WhiteElo "1636"]
[BlackElo "1660"]
[PlyCount "99"]
[EventDate "2015.02.06"]
[EventType "swiss"]
[EventRounds "7"]
[EventCountry "DEN"]
[SourceTitle "EXT 2016"]
[Source "ChessBase"]
[SourceDate "2015.10.08"]
[SourceVersion "1"]
[SourceVersionDate "2015.10.08"]
[SourceQuality "1"]

1. e4 c6 2. d4 d5 3. Nc3 dxe4 4. Nxe4 Bf5 5. Ng3 Bg6 6. h4 h6 7. Nh3 Nd7 8. Nf4 Bh7 9. Bc4 e6 10. 0-0 Ngf6 11. Re1 Be7 12. Bxe6 0-0 13. Bb3 Bd6 14. Qf3 Qc7 15. c3 a5 16. a3 Rae8 17. Rd1 Re7 18. Nfh5 Nxh5 19. Nxh5 Rfe8 20. Bxh6 Be4 21. Qg4 g6 22. Qg5 Kh7 23. Bg7 Bf4 24. Qxf4 Qxf4 25. Nxf4 Kxg7 26. Re1 Nf6 27. f3 Bf5 28. Rxe7 Rxe7 29. Kf2 b5 30. Re1 Rd7 31. a4 b4 32. Rc1 c5 33. Ne2 bxc3 34. bxc3 Rb7 35. Bc2 Be6 36. Rb1 Rc7 37. dxc5 Rxc5 38. Rb5 Rh5 39. Rxh5 Nxh5 40. Nd4 Bc4 41. Nc6 Nf6 42. Nxa5 Ba6 43. Ke3 Kf8 44. Kd4 Ke8 45. Bd3 Bc8 46. Bb5+ Ke7 47. Nc6+ Kd6 48. c4 Nd7 49. a5 Bb7 50. Nd8 1-0

[Event "Politiken Cup 35th"]
[Site "Helsingor"]
[Date "2013.07.28"]
[Round "3"]
[White "Oe, Oluf"]
[Black "Kyrkjebo, Eirik"]
[Result "1-0"]
[WhiteElo "1992"]
[BlackElo "1711"]
[PlyCount "95"]
[EventDate "2013.07.27"]
[EventType "swiss"]
[EventRounds "10"]
[EventCountry "DEN"]
[SourceTitle "CBM 155 Extra"]
[Source "ChessBase"]
[SourceDate "2013.08.26"]
[SourceVersion "1"]
[SourceVersionDate "2013.08.26"]
[SourceQuality "1"]

1. c4 e5 2. Nc3 Nc6 3. Nf3 d6 4. d4 Be7 5. d5 Nb8 6. e4 f5 7. Bd3 f4 8. Nxe5 dxe5 9. Qh5+ g6 10. Qxe5 Nf6 11. Bxf4 c6 12. d6 Kf7 13. Qxe7+ Qxe7 14. dxe7 Kxe7 15. 0-0 Be6 16. c5 Rd8 17. Rad1 Rd7 18. Bc2 Na6 19. Bd6+ Kf7 20. a3 Nc7 21. h3 Nfe8 22. Be5 Rad8 23. Rxd7+ Rxd7 24. Rd1 Rxd1+ 25. Bxd1 Bc4 26. f4 Ne6 27. b4 Nf6 28. Kf2 Nd7 29. Bd6 Nd4 30. Ke3 Nb5 31. Nxb5 Bxb5 32. Bb3+ Ke8 33. g4 Bf1 34. h4 Nf6 35. g5 Nd7 36. Bg8 Nf8 37. f5 Bh3 38. Bxf8 Kxf8 39. Bxh7 gxf5 40. Bxf5 Bf1 41. Kf4 Bc4 42. h5 Kg7 43. h6+ Kh8 44. g6 b6 45. Bd7 b5 46. Bxc6 a6 47. Bd5 a5 48. g7+ 1-0

[Event "NOR-ch Class2"]
[Site "Lillehammer"]
[Date "2013.06.29"]
[Round "8"]
[White "Kyrkjebo, Eirik"]
[Black "Aagedal, Geir Ole"]
[Result "0-1"]
[WhiteElo "1522"]
[BlackElo "1559"]
[PlyCount "150"]
[EventDate "2013.06.29"]
[EventType "swiss"]
[EventRounds "9"]
[EventCountry "NOR"]
[SourceTitle "EXT 2017"]
[Source "ChessBase"]
[SourceDate "2016.10.25"]
[SourceVersion "1"]
[SourceVersionDate "2016.10.25"]
[SourceQuality "1"]

1. e4 c5 2. Nc3 g6 3. d3 Bg7 4. g3 d6 5. Bg2 Nf6 6. h3 0-0 7. Be3 Nc6 8. Nge2 Rb8 9. Qd2 b5 10. Bh6 b4 11. Nd1 Bd7 12. Bxg7 Kxg7 13. f4 e5 14. f5 Nd4 15. g4 Ne8 16. 0-0 f6 17. Ne3 g5 18. Ng3 Bc6 19. c3 bxc3 20. bxc3 Qa5 21. Nc4 Qa6 22. cxd4 cxd4 23. Rab1 Rb5 24. Rfc1 Rc5 25. Rb8 Rf7 26. Rcb1 Bb5 27. Qb4 Nc7 28. Nh5+ Kh6 29. h4 Qc6 30. hxg5+ fxg5 31. Rg8 Ne8 32. Qd2 Ng7 33. Rxg7 Rxg7 34. Nxg7 Bxc4 35. Ne6 Bxe6 36. fxe6 Rc2 37. Qa5 Rxg2+ 38. Kxg2 Qc2+ 39. Kg3 Qxd3+ 40. Kg2 Qxb1 41. e7 Qxe4+ 42. Kf1 Qf3+ 43. Ke1 Qe3+ 44. Kd1 d3 45. Qc3 Qg1+ 46. Kd2 Qg2+ 47. Kc1 Qg1+ 48. Kd2 Qg2+ 49. Kc1 Qf1+ 50. Kd2 Qe2+ 51. Kc1 Qe3+ 52. Kd1 Qe2+ 53. Kc1 Qf1+ 54. Kd2 Qf4+ 55. Ke1 Qf3 56. Kd2 Qf4+ 57. Ke1 Qh2 58. Qxd3 Qg1+ 59. Kd2 Qf2+ 60. Kc1 Qc5+ 61. Kb1 Qb6+ 62. Ka1 Qg1+ 63. Kb2 Qf2+ 64. Kc3 Qe1+ 65. Qd2 Qa1+ 66. Kb3 Qb1+ 67. Ka3 Qg6 68. Qd5 Kg7 69. Kb3 Qf7 70. e8N+ Qxe8 71. Qxd6 Qf7+ 72. Kb2 Qf2+ 73. Kb3 Qb6+ 74. Qb4 Qxb4+ 75. Kxb4 Kf6 0-1

[Event "NOR-ch Class2"]
[Site "Lillehammer"]
[Date "2013.06.29"]
[Round "7"]
[White "Kyrkjebo, Eirik"]
[Black "Salvesen, Bjorn"]
[Result "1-0"]
[WhiteElo "1522"]
[BlackElo "1537"]
[PlyCount "119"]
[EventDate "2013.06.29"]
[EventType "swiss"]
[EventRounds "9"]
[EventCountry "NOR"]
[SourceTitle "EXT 2017"]
[Source "ChessBase"]
[SourceDate "2016.10.25"]
[SourceVersion "1"]
[SourceVersionDate "2016.10.25"]
[SourceQuality "1"]

1. e4 c5 2. Nc3 Nc6 3. Bb5 g6 4. Bxc6 bxc6 5. f4 Bg7 6. Nf3 Nf6 7. 0-0 0-0 8. d3 d6 9. Qe1 Qb6 10. Kh1 Bd7 11. Qh4 Qd8 12. e5 Nd5 13. Nxd5 cxd5 14. Ng5 h6 15. Nf3 e6 16. Qh3 f5 17. exd6 Be8 18. d7 Qxd7 19. Ne5 Qe7 20. c3 Kh7 21. d4 cxd4 22. cxd4 Bxe5 23. fxe5 Qg7 24. b4 g5 25. a4 a6 26. Bd2 f4 27. Qxe6 Bf7 28. Qg4 Bg6 29. b5 axb5 30. axb5 Qb7 31. Bb4 Rfc8 32. h4 Qxb5 33. Bc5 Qe8 34. hxg5 Be4 35. gxh6 Kxh6 36. Qxf4+ Kh7 37. Qh4+ Kg7 38. Rxa8 Rxa8 39. Rf6 Qh8 40. Qxh8+ Rxh8+ 41. Kg1 Bg6 42. Rf2 Re8 43. Kh2 Be4 44. Kg3 Re6 45. Kf4 Rg6 46. g4 Kg8 47. Be7 Kf7 48. Bf6 Rh6 49. Kg3 Rh1 50. Bd8+ Ke8 51. Bb6 Rh6 52. Bc5 Kd7 53. Rf7+ Ke8 54. Re7+ Kd8 55. g5 Rg6 56. Kg4 Rg8 57. Rf7 Rg6 58. Rf6 Rxf6 59. gxf6 Bg6 60. e6 1-0

[Event "Stavanger op B"]
[Site "Stavanger"]
[Date "2013.05.??"]
[Round "1"]
[White "Bratveit, Kristoffer"]
[Black "Kyrkjebo, Eirik"]
[Result "1-0"]
[WhiteElo "1388"]
[BlackElo "1740"]
[PlyCount "61"]
[EventDate "2013.05.08"]
[EventType "swiss"]
[EventRounds "6"]
[EventCountry "NOR"]
[SourceTitle "EXT 2024"]
[Source "ChessBase"]
[SourceDate "2023.10.10"]
[SourceVersion "1"]
[SourceVersionDate "2023.10.10"]
[SourceQuality "1"]

1. e4 e5 2. Nf3 Nc6 3. Bc4 d6 4. d3 Be7 5. 0-0 f5 6. exf5 Bxf5 7. Nc3 Nf6 8. Nd5 Nxd5 9. Bxd5 Bg4 10. Be3 Qd7 11. Qd2 0-0-0 12. c4 Bf6 13. a4 a5 14. Ne1 Nb4 15. Nc2 Nxd5 16. cxd5 b6 17. b4 e4 18. d4 axb4 19. Nxb4 Qf5 20. Qc2 Qg6 21. a5 Bf3 22. g3 Kd7 23. Rfc1 Qg4 24. Kf1 Ra8 25. Qxc7+ Ke8 26. axb6 Rd8 27. b7 Be2+ 28. Ke1 Bb5 29. Ra2 Rd7 30. b8Q+ Ke7 31. Qxb5 1-0